Жанровое своеобразие пушкинского "Современника"; Язык в поликультурном пространстве

ग्रंथसूची विवरण
Parent link:Язык в поликультурном пространстве.— 2006.— С. 325-331
मुख्य लेखक: Фрик Т. Б. Татьяна Борисовна
सारांश:В фонде НТБ ТПУ отсутствует
भाषा:रूसी
प्रकाशित: 2006
विषय:
स्वरूप: पुस्तक अध्याय
KOHA link:https://koha.lib.tpu.ru/cgi-bin/koha/opac-detail.pl?biblionumber=601691

MARC

LEADER 00000naa0a2200000 4500
001 601691
005 20250901162245.0
035 |a (RuTPU)RU\TPU\tpu\26712 
035 |a RU\TPU\tpu\26711 
090 |a 601691 
100 |a 20150210d2006 k y0rusy50 ca 
101 0 |a rus 
102 |a RU 
200 1 |a Жанровое своеобразие пушкинского "Современника"  |f Т. Б. Фрик 
333 |a В фонде НТБ ТПУ отсутствует 
463 1 |t Язык в поликультурном пространстве  |o сборник научных трудов Института языковой коммуникации  |f Томский политехнический университет (ТПУ), Институт языковой коммуникации (ИЯК)  |v С. 325-331  |d 2006 
610 1 |a труды учёных ТПУ 
700 1 |a Фрик  |b Т. Б.  |c филолог  |c доцент Томского политехнического университета, кандидат филологических наук  |f 1979-  |g Татьяна Борисовна  |3 (RuTPU)RU\TPU\pers\24603  |9 10893 
801 1 |a RU  |b 63413507  |c 20150210 
801 2 |a RU  |b 63413507  |c 20150210  |g RCR 
942 |c BK